En mi Infierno a veces sale la luna : (Record no. 23386)

000 -CABECERA
fixed length control field 00663nam a22001817i 4500
003 - IDENTIFICADOR DEL NÚMERO DE CONTROL
control field AR-CdUCM
008 - DATOS DE LONGITUD FIJA--INFORMACIÓN GENERAL
fixed length control field 250902b20182018 pe||||| |||| 00| 0 spa d
040 ## - FUENTE DE LA CATALOGACIÓN
Agencia/entidad que catalogó originalmente la obra MUNICIPALIDAD PROVINCIAL DEL CUSCO
Entidad que transcribió la catalogación BIBLIOTECA MUNICIPAL DEL CUSCO
082 ## - NÚMERO DE LA CLASIFICACIÓN DECIMAL DEWEY
No. de Clasificación 869.57 / L93E
Notacion interna L93E
100 ## - ENTRADA PRINCIPAL--NOMBRE DE PERSONA
Nombre Personal Lobatón Choque, Jorge
245 ## - MENCIÓN DE TÍTULO
Título En mi Infierno a veces sale la luna :
260 ## - PUBLICACIÓN, DISTRIBUCIÓN, ETC.
Lugar de publicación, distribución, etc. Cusco :
Nombre de la editorial, distribuidor, etc. Autor-Editor
Fecha de publicación, distribución, etc. 2018
300 ## - DESCRIPCIÓN FÍSICA
Nº de Páginas Extensión 106 páginas. :
Dimensiones 21x15 cm.
505 ## - NOTA DE CONTENIDO CON FORMATO
Nota de contenido formateada Millonaria pretensión -- Evitando chácharas - Acompáñame -- Si regresaras -- Lo bueno ya ha terminado -- Fugitivo -- astrofilia
942 ## - ELEMENTOS DE PUNTO DE ACCESO ADICIONAL (KOHA)
Fuente de clasificación
Tipo de item Libros-BMC
945 ## - PROCESAMIENTO DE INFORMACIÓN LOCAL (OCLC)
Catalogador pbjr
AAAA-MM-DD - Fecha de ingreso o modificacion 2-09-2025
Holdings
Estado de retiro (separado) Fuente de clasificación o esquema de estanterías Estado dañado Ubicación Sala donde se ubica Nombre de la colección Fecha de adquisición o compra Fuente de adquisición Costo, precio normal en soles Signatura topográfica Código de Barras Última vez visto (Koha) Tipo de ítem (Koha)
No     Sala Humanidades Sala Humanidades Book Cart 2025-09-02 Depósito legal 15.00 869.57 / L93E SH0000016998 2025-09-02 Libros-BMC

Powered by Koha